| 000 | 00716 a2200205 4500 | ||
|---|---|---|---|
| 999 |
_c8134 _d8134 |
||
| 010 | _aENG-88326 | ||
| 020 |
_c900.00 _a8182202019 |
||
| 035 | _aEN-71859 | ||
| 037 | _bDBAD / PUB | ||
| 082 | 1 | 4 | _a305.4 |
| 245 | 1 |
_aUnderstanding women behaviour/ _cedited by Amrita Yadava, Sushma Sharma [and] Nov Rattan Sharma |
|
| 260 |
_aNew Delhi _bGlobal Vision Publishing House _c2007 |
||
| 270 |
_aF-4, 1st Floor, `Hari Sadan' 20, Ansari Road, Daryaganj, _bNew Delhi _e110 002 |
||
| 300 |
_axxvi, 430p. _c22cm (Hb) |
||
| 500 | _aIncludes bibliographical references and index | ||
| 700 | _aYadava, Amrita | ||
| 700 | _aSharma, Sushma | ||
| 700 | _aSharma, Nov Rattan | ||
| 942 |
_adpl _cEN _2ddc _h305.4 _mUND |
||